TROPICAL ARCHITECTURE AND INTERIORS. (Record no. 1158125)

MARC details
000 -LEADER
fixed length control field 00289nam a2200109Ia 4500
008 - FIXED-LENGTH DATA ELEMENTS--GENERAL INFORMATION
fixed length control field 240521s1999 xx 000 0 und d
041 ## - LANGUAGE CODE
Language code of text/sound track or separate title eng
100 ## - MAIN ENTRY--PERSONAL NAME
Personal name BENG T. H.
245 ## - TITLE STATEMENT
Title TROPICAL ARCHITECTURE AND INTERIORS.
260 ## - PUBLICATION, DISTRIBUTION, ETC.
Name of publisher, distributor, etc. PAGE ONE PUBLISHING SINGAPORE 0511
Date of publication, distribution, etc. 1999
300 ## - PHYSICAL DESCRIPTION
Extent 220

No items available.